000 00311nam a22001337a 4500
008 170228b xxu||||| |||| 00| 0 eng d
020 _a9780060923730
041 _aeng
080 _a616.8-006
100 _a6
101 _aSHM
245 _aCHALLENGING THE BREAST CANCER LEGACY
_cSCHALER, R.R
942 _2udc
_cBK
999 _c6406
_d6406